Normal view
MARC view
- Habib Zunaira
Entry Personal Name
001 - CONTROL NUMBER
- control field: 123806
003 - CONTROL NUMBER IDENTIFIER
- control field: NUST
005 - DATE AND TIME OF LATEST TRANSACTION
- control field: 20240626153840.0
008 - FIXED-LENGTH DATA ELEMENTS
- fixed length control field: 240626|| aca||aabn | a|a d
040 ## - CATALOGING SOURCE
- Original cataloging agency: NUST
- Transcribing agency: NUST
100 ## - HEADING--PERSONAL NAME
- Personal name: Habib Zunaira
670 ## - SOURCE DATA FOUND
- Source citation: Work cat.: (NUST): Habib Zunaira , Development of Titania Based Composite Nano-Materials for Simultaneous Removal of Organic & Inorganic Impurities from Water/
